• 首页
  • 本馆介绍
  • 公告通知
  • 最新文献
  • 馆藏检索
  • 电子资源
  • 读者导购
  • 参考咨询
  • 我的图书馆
  • 登录
  • 详细信息显示
  • 放入我的书架
  • 预约/预借图书
  • 作者相关作品
  • 分类相关作品
  • 丛书相关作品
  • 出版社相关作品

书目信息

  • 表格格式
  • 工作单格式
  • 卡片格式
题名:
水文水资源研究理论与实践
    
 
作者: 刘昌明 著
分册:  
出版信息: 北京   科学出版社  2004
页数: 716页
开本: 26cm
丛书名:
单 册:
中图分类: P33-53 , TV211-53
科图分类:
主题词: 水文学--文集 , 水资源--文集 , 水资源 , 水文学
电子资源:
ISBN: 7-03-013250-5
000 01172nam0 2200313 450
000 01179nam0 2200313 450
000 01110nam0 2200289 450
000 01074nam0 2200277 45
005 20070527134927.45
010    @a7-03-013250-5@b精装@dCNY100.00
100    @a20070419d2004 em y0chiy0120 ea
101 0  @achi
102    @aCN@b110000
105    @aa z 000yy
200 1  @a水文水资源研究理论与实践@AShui Wen Shui Zi Yuan Yan Jiu Li Lun Yu Shi Jian@e刘昌明文选@ELiu Chang Ming Wen Xuan@f[刘昌明著]@F[ Liu Chang Ming Zhu ]@zeng
210    @a北京@c科学出版社@d2004
215    @a716页@c彩照@d26cm
330    @a本书纳入了论著75篇。内容分为四部分,分别为水文水循环与水文计算;水与生态环境;水资源研究以及国外发表论文选。内容涉及水文水资源研究的理论、方法和应用实践。
510 1  @aResearch Theory and Practice in Hydrology and Water Resources@zeng
517 1  @a刘昌明文选@ALiu Chang Ming Wen Xuan
606 0  @a水文学@j文集
606 0  @a水资源@j文集
606 0  @a水资源
606 0  @a水文学
690    @aP33-53@v4
690    @aTV211-53@v4
701  0 @a刘昌明@ALiu Chang Ming@f(1934.5~)@4著
801  0 @aCN@bTAOJIN@c20070527
905    @a10447@dP33-53@e90
    
    水文水资源研究理论与实践:刘昌明文选/[刘昌明著].-北京:科学出版社,2004
    716页:彩照;26cm
    
    
    ISBN 7-03-013250-5(精装):CNY100.00
    本书纳入了论著75篇。内容分为四部分,分别为水文水循环与水文计算;水与生态环境;水资源研究以及国外发表论文选。内容涉及水文水资源研究的理论、方法和应用实践。
●
相关链接 在E读中查询图书 在五车中查询图书 在当当中查询图书 在豆瓣中查询图书


正题名:水文水资源研究理论与实践     索取号:P33-53/90         预约/预借

序号 登录号 条形码 馆藏地/架位号 状态 备注
1 0522894   205228948   第二样本阅览室/ [索取号:P33-53/90] 在馆    
2 0522895   205228957   第三借阅区/ [索取号:P33-53/90] 在馆    
唐山师范学院图书馆 欢迎您!
大连网信软件有限公司© 版权所有